Un coureur cycliste = Une Victoire à son palmarès #2 - Statistiques

Statistiques générales
  • Ce quiz a été pris 11 fois
  • Le résultat moyen est 3 sur 20
Statistiques - réponses
Hint Réponse % Correct
Milan-San Remo 1995 Laurent Jalabert
44%
Critérium du Dauphiné 2001 Christophe Moreau
33%
Tour des Flandres 1992 Jacky Durand
33%
Championnat du monde sur route 1997 Laurent Brochard
33%
Paris-Tours 2001 Richard Virenque
33%
Tour de Romandie 1995 Tony Rominger
33%
Classique de Saint-Sébastien 1994 Armand de Las Cuevas
22%
Tour de Suisse 1997 Christophe Agnolutto
11%
Amstel Gold Race 2000 Erik Zabel
11%
Paris-Roubaix 1998 Franco Ballerini
11%
Cyclassics de Hambourg 1997 Jan Ullrich
11%
La Flèche Wallonne 1996 Lance Armstrong
11%
Liège-Bastogne-Liège 1996 Pascal Richard
11%
Trois Jours de La Panne 1999 Peter Van Petegem
11%
Gand-Wevelgem 1997 Philippe Gaumont
11%
Grand-Prix de Plouay 1999 Christophe Mengin
0%
Tour de Catalogne 1997 Fernando Escartín
0%
À travers les Flandres 1993 Johan Museeuw
0%
Paris-Nice 1999 Michael Boogerd
0%
Tour de Lombardie 2000 Raimondas Rumšas
0%
Aucun quiz correspondant
Distribution des résultats
% des personnes avec chaque résultat
Percentile par nombre de réponses
Votre historique - résultats
Vous n’avez pas pris ce quiz